00417nam a2200145Ia 4500008004100000020001500041041001200056100001700068245009800085250000800183260003900191300000800230650001600238700001700254221030s9999 xx 000 0 und d a8131710265 aEnglish aM. A. Mazidi 4aThe 8051 Microcontroller & Embedded Systems Using Assembly & Ccby M. A. Mazidi, J. G. Mazidi a2nd bPearson EdcuationaNew Delhic2013 a547 aBB Computer aJ. G. Mazidi